| 000 | 01030nas a2200325 4500 | ||
|---|---|---|---|
| 001 | BR0600224 | ||
| 003 | BR-BrBNA | ||
| 005 | 20231205105759.0 | ||
| 007 | ta | ||
| 008 | 230509b bl.|||p| |||| 00| 00por d | ||
| 040 |
_aBR-BrBNA _bpor _cBiblioteca Nacional de Agricultura |
||
| 041 | _a(Pt) | ||
| 072 | _aQ54; L51 | ||
| 100 | 1 | _aLeitão, R.A. | |
| 100 | 1 | _aPaiva, P.C. de A. | |
| 100 | 1 | _aRezende, C.A.P. de | |
| 245 | 1 | _aValor nutritivo da casca de café (Coffea arabica L.)tratada com hidróxido de sódio e/ou uréia suplementada com feno de alfafa (Medicago sativa L.) | |
| 650 | _aRUMINANTE | ||
| 650 | _aCASCA DE CAFÉ | ||
| 650 | _aALFAFA | ||
| 650 | _aFENO | ||
| 650 | _aCONSUMO ALIMENTAR | ||
| 650 | _aDIGESTIBILIDADE | ||
| 650 | _aSUBPRODUTO | ||
| 650 | _aVALOR NUTRITIVO | ||
| 650 | _aSUPLEMENTO ALIMENTAR | ||
| 773 | 0 |
_tPesquisa Agropecuária Tropical (Brazil) _xISSN 1517-6398 _g(Jan-Apr 2005), v. 35(1) p. 31-36 _wBR0600224 |
|
| 909 |
_a202311 _bLúcia _c55 _dLúcia Elande |
||
| 942 |
_2AGRIS _n0 _cANA |
||
| 999 |
_c184643 _d184643 |
||